000 00430cam a2200181ua 4500
020 _c150.00
041 _aeng
_h
082 _a005.43
_bUNA/UN
100 _aUnadkat, Chirag .
245 _aUnix shells /
_cChirag Unadkat.
_hTextual Documents
250 _a1 /
_b.
260 _aNew Delhi :
_bB P B Publishers ,
_c1992.
300 _a500 ; .
365 _a150.00
504 _a
942 _cBK
999 _c9464
_d9464